Mastering Mentorship (Record no. 107000)

MARC details
000 -LEADER
fixed length control field 00369pam a2200145 a 4500
020 ## - INTERNATIONAL STANDARD BOOK NUMBER
Terms of availability
041 ## - LANGUAGE CODE
Language code of original
082 ## - DEWEY DECIMAL CLASSIFICATION NUMBER
Classification number 4.0000000000000001E-2
Item number MCH
100 ## - MAIN ENTRY--PERSONAL NAME
Personal name Mchale, Julie, Bailey
245 ## - TITLE STATEMENT
Title Mastering Mentorship
Medium Textual Documents
260 ## - PUBLICATION, DISTRIBUTION, ETC.
Place of publication, distribution, etc. New Delhi
Name of publisher, distributor, etc. Sage Publications India Private Limited
Date of publication, distribution, etc. 2013
300 ## - PHYSICAL DESCRIPTION
Extent 204
700 ## - ADDED ENTRY--PERSONAL NAME
Personal name Hart, Donna
930 ## - EQUIVALENCE OR CROSS-REFERENCE-UNIFORM TITLE HEADING [LOCAL, CANADA]
Uniform title 167
Holdings
Withdrawn status Lost status Damaged status Not for loan Collection Home library Current library Shelving location Date acquired Source of acquisition Cost, normal purchase price Total Checkouts Full call number Barcode Date last seen Copy number Price effective from Koha item type
          Abhijit Kadam Institute of Management & Social Science, Solapur Abhijit Kadam Institute of Management & Social Science, Solapur   28/03/2014 Bharati Madhyavarti Sahakari Grahakbhandar Limited 2285.81   4.0000000000000001E-2 MCH AKS-M-12668 01/03/2023 1 01/03/2023 Book